Villes européennes par périphrases - Statistiques

Statistiques générales
  • Ce quiz a été pris 1 153 fois
  • Le résultat moyen est 7 sur 15
Statistiques - réponses
Périphrase Ville % Correct
La ville lumière Paris
98%
Le berceau de la démocratie Athènes
88%
La Capitale de l'Europe Bruxelles
79%
Venise du nord Amsterdam
65%
La perle du Danube Budapest
60%
Le grand brouillard Londres
47%
La ville du diamant Anvers
46%
Berlin des balkans Belgrade
40%
L'Impériale Vienne
36%
La reine du Tage Lisbonne
35%
La ville blanche du nord Helsinki
28%
La nouvelle Rome Istanbul
20%
La Rome protestante Genève
10%
La ville phénix Varsovie
9%
La ville du tigre Oslo
4%
Aucun quiz correspondant
Distribution des résultats
% des personnes avec chaque résultat
Percentile par nombre de réponses
Votre historique - résultats
Vous n’avez pas pris ce quiz